<?xml version="1.0" encoding="UTF-8"?>
<record
    xmlns:xsi="http://www.w3.org/2001/XMLSchema-instance"
    xsi:schemaLocation="http://www.loc.gov/MARC21/slim http://www.loc.gov/standards/marcxml/schema/MARC21slim.xsd"
    xmlns="http://www.loc.gov/MARC21/slim">

  <leader>00698nam a22001337a 4500</leader>
  <datafield tag="040" ind1=" " ind2=" ">
    <subfield code="c">RUA</subfield>
  </datafield>
  <datafield tag="082" ind1=" " ind2=" ">
    <subfield code="a">AGR MON 2024 B1-406 Or.</subfield>
  </datafield>
  <datafield tag="100" ind1=" " ind2=" ">
    <subfield code="a">MON TOLA,&#x1798;&#x17C9;&#x17BB;&#x1793; &#x178F;&#x17BB;&#x179B;&#x17B6;</subfield>
  </datafield>
  <datafield tag="245" ind1=" " ind2=" ">
    <subfield code="a">COMOARISON IN MORPHO-AGRONOMIC TRAITS AND STORANGE ROOT YIELD OF SOME SWEET POTATOES(Ipomoea batatas L.).&#x1780;&#x17B6;&#x179A;&#x1794;&#x17D2;&#x179A;&#x17C0;&#x1794;&#x1792;&#x17C0;&#x1794;&#x1793;&#x17C3;&#x179B;&#x1780;&#x17D2;&#x1781;&#x178E;&#x17C8;&#x1780;&#x17D2;&#x179F;&#x17C1;&#x178F;&#x17D2;&#x179A;&#x179F;&#x17B6;&#x179F;&#x17D2;&#x179A;&#x17D2;&#x178F; &#x1793;&#x17B7;&#x1784;&#x1791;&#x17B7;&#x1793;&#x17D2;&#x1793;&#x1795;&#x179B;&#x1798;&#x17BE;&#x1798;&#x179A;&#x1794;&#x179F;&#x17CB;&#x179F;&#x17D2;&#x179A;&#x17A1;&#x17B6;&#x1799;&#x178A;&#x17C6;&#x17A1;&#x17BC;&#x1784;&#x1787;&#x17D2;&#x179C;&#x17B6;(Ipomoea batatas L.)</subfield>
  </datafield>
  <datafield tag="260" ind1=" " ind2=" ">
    <subfield code="a">phnom penh</subfield>
    <subfield code="b">rua</subfield>
    <subfield code="c">2024</subfield>
  </datafield>
  <datafield tag="300" ind1=" " ind2=" ">
    <subfield code="a">ix.31p.</subfield>
    <subfield code="b">ill.</subfield>
    <subfield code="c">29cm.</subfield>
  </datafield>
  <datafield tag="856" ind1=" " ind2=" ">
    <subfield code="u">https://drive.google.com/file/d/1wQXKvuCCV_pw-hxe0mV5_z_MGm4bgiU0/view?usp=sharing</subfield>
  </datafield>
  <datafield tag="942" ind1=" " ind2=" ">
    <subfield code="c">AGR</subfield>
  </datafield>
  <datafield tag="999" ind1=" " ind2=" ">
    <subfield code="c">24703</subfield>
    <subfield code="d">24703</subfield>
  </datafield>
  <datafield tag="952" ind1=" " ind2=" ">
    <subfield code="0">0</subfield>
    <subfield code="1">0</subfield>
    <subfield code="4">0</subfield>
    <subfield code="6">AGR_MON_2024_000000000000000_B1406_OR</subfield>
    <subfield code="7">0</subfield>
    <subfield code="9">104252</subfield>
    <subfield code="a">LBB</subfield>
    <subfield code="b">LBB</subfield>
    <subfield code="c">B1.406</subfield>
    <subfield code="d">2025-04-28</subfield>
    <subfield code="o">AGR MON 2024 B1-406 Or.</subfield>
    <subfield code="p">a082846</subfield>
    <subfield code="r">2025-04-28</subfield>
    <subfield code="y">AGR</subfield>
  </datafield>
  <datafield tag="952" ind1=" " ind2=" ">
    <subfield code="0">0</subfield>
    <subfield code="1">0</subfield>
    <subfield code="4">0</subfield>
    <subfield code="6">AGR_MON_2024_000000000000000_B1406_OR</subfield>
    <subfield code="7">0</subfield>
    <subfield code="9">104253</subfield>
    <subfield code="a">LBB</subfield>
    <subfield code="b">LBB</subfield>
    <subfield code="c">B1.406</subfield>
    <subfield code="d">2025-04-28</subfield>
    <subfield code="o">AGR MON 2024 B1-406 Or.</subfield>
    <subfield code="p">a082646</subfield>
    <subfield code="r">2025-04-28</subfield>
    <subfield code="y">AGR</subfield>
  </datafield>
</record>
